| 000 -LEADER |
| fixed length control field |
00520nam a22001577a 4500 |
| 005 - DATE AND TIME OF LATEST TRANSACTION |
| control field |
20230814170031.0 |
| 008 - FIXED-LENGTH DATA ELEMENTS--GENERAL INFORMATION |
| fixed length control field |
230814s1981 pl ||||| |||| 00| 0 Pau d |
| 041 ## - LANGUAGE CODE |
| Language code of text/sound track or separate title |
Pau |
| 080 ## - UNIVERSAL DECIMAL CLASSIFICATION NUMBER |
| Universal Decimal Classification number |
902/904 P-60 |
| 100 ## - MAIN ENTRY--PERSONAL NAME |
| Personal name |
Pichlerová, Magda |
| 9 (RLIN) |
19674 |
| 245 ## - TITLE STATEMENT |
| Title |
Gerulata-Rusovce : |
| Remainder of title |
rímske pohrebisko II / |
| Statement of responsibility, etc. |
Pichlerová, Magda. |
| 264 ## - PRODUCTION, PUBLICATION, DISTRIBUTION, MANUFACTURE, AND COPYRIGHT NOTICE |
| Place of production, publication, distribution, manufacture |
Bratislava, |
| Date of production, publication, distribution, manufacture, or copyright notice |
1981. |
| 300 ## - PHYSICAL DESCRIPTION |
| Extent |
428 p.: |
| Other physical details |
ill.; |
| Dimensions |
24 cm. |
| 653 ## - INDEX TERM--UNCONTROLLED |
| keyword |
გერულატა-რუსოვცე: რომაული სამარხი |
| 942 ## - ADDED ENTRY ELEMENTS (KOHA) |
| Source of classification or shelving scheme |
|
| Koha item type |
წიგნი |